000 00681nam a22002417a 4500
001 30784
003 UA-OsUOA
005 20220702122151.0
007 ta
008 20041115b un ||||| |||| 00| 0 ukr d
040 _aUA-OsUOA
_brus
_cUA-OsUOA
_dUA-OsUOA
041 _arus
044 _aRU
080 _a82.09
090 _a82.09
_bР89
245 _aРусские писатели о литературе
_cсост. М. Брискман, Б. Бухштаб, Л. Гинзбург, Б. Злочевская
260 _aМосква
_bСоветский писатель
_c1939
300 _a494 с.
505 _gт. 1
650 7 _2UDC
942 _cBK
_2udc
955 _a0
999 _c317199
_d317199